ბათუმის შოთა რუსთაველის სახელმწიფო უნივერსიტეტის ბიბლიოთეკა

The Athenian Agora / (ბიბ.ჩანაწერი № 60675)

000 -LEADER
fixed length control field 00546nam a22001697a 4500
005 - DATE AND TIME OF LATEST TRANSACTION
control field 20231005165915.0
008 - FIXED-LENGTH DATA ELEMENTS--GENERAL INFORMATION
fixed length control field 231005s1976 enk||||| |||| 00| 0 eng d
041 ## - LANGUAGE CODE
Language code of text/sound track or separate title eng
080 ## - UNIVERSAL DECIMAL CLASSIFICATION NUMBER
Universal Decimal Classification number 069 The-44
245 ## - TITLE STATEMENT
Title The Athenian Agora /
Remainder of title A Guide to the Excavation and Museum.
250 ## - EDITION STATEMENT
Edition statement Third Edition
264 ## - PRODUCTION, PUBLICATION, DISTRIBUTION, MANUFACTURE, AND COPYRIGHT NOTICE
Place of production, publication, distribution, manufacture Athen,
Date of production, publication, distribution, manufacture, or copyright notice 1976.
300 ## - PHYSICAL DESCRIPTION
Extent 338 p. :
Other physical details ill.;
Dimensions 21 cm..
653 ## - INDEX TERM--UNCONTROLLED
keyword ათენის აგორა
653 ## - INDEX TERM--UNCONTROLLED
keyword გათხრებისა და მუზეუმის გზამკვლევი
942 ## - ADDED ENTRY ELEMENTS (KOHA)
Source of classification or shelving scheme
Koha item type წიგნი
ეგზემპლარები
Withdrawn status Lost status Source of classification or shelving scheme Damaged status Not for loan Permanent Location Current Location Shelving location Date acquired Cost, normal purchase price Full call number Barcode Date last seen Copy number Uniform Resource Identifier Price effective from Koha item type Public note
          ბათუმის შოთა რუსთაველის სახელმწიფო უნივერსიტეტის მთავარი ბიბლიოთეკა ბათუმის შოთა რუსთაველის სახელმწიფო უნივერსიტეტის მთავარი ბიბლიოთეკა წიგნსაცავი 2023-10-05 7.00 069 The-44 65249 2023-10-05 65249 ბსუ-ს საპატიო დოქტორის გურამ ლორთქიფანიძის საჩუქარი 2023-10-05 წიგნი 7 ლ.